000 01018nam a2200313 a 4500
001 000028889
003 DO-SdBPM
005 20260501091721.0
007 ta
008 110412s2004 dr 000 | spa d
020 _a9993455733
040 _aDO-SdBPM
_bspa
_cBPMSU
_drda
082 0 4 _aCh861.44
_bN454s 2004
_222
245 0 0 _aNeruda y Santo Domingo /
_cCompilación de Tomás Castro Burdiez.
260 _b
264 _aSanto Domingo :
_bFundación Pablo Neruda;
_bFundación para la Educación y el Arte,
_c2004.
300 _a20 páginas ;
_c22 cm.
336 _atexto
_btxt
_2rdacontent
337 _asin mediación
_bn
_2rdamedia
338 _avolumen
_bnc
_2rdacarrier
590 _aInventariado, 2026/VM
600 1 7 _aNeruda, Pablo
_d1904-1973
_vHomenaje
650 7 _aPoesía chilena
650 7 _aPoetas chilenos
_xCrítica e interpretación
650 7 _aLiteratura chilena
700 1 _aCastro, Tomás,
_d1959-
_ecompilador
910 _aVMateo V. Control de calidad. BPMSU
942 _2ddc
_cBK
999 _c15812
_d15812